Las jornadas de julio en Madrid (Record no. 165914)

MARC details
000 -LEADER
campo de control de longitud fija 00806nam a22001815i 4500
001 - NÚMERO DE CONTROL
campo de control 165914
003 - IDENTIFICADOR DE NÚMERO DE CONTROL
campo de control ES-MaACL
005 - FECHA Y HORA DE LA ÚLTIMA TRANSACCIÓN
campo de control 20251003152313.0
008 - DATOS DE LONGITUD FIJA--INFORMACIÓN GENERAL
campo de control de longitud fija 940615s1854 sp |||| | spa d
040 ## - FUENTE DE CATALOGACIÓN
Centro catalogador/agencia de origen CAM
Lengua de catalogación spa
100 1# - ENTRADA PRINCIPAL--NOMBRE DE PERSONA
Nombre de persona Suricalday, Cayetano de.
9 (RLIN) 132956
245 14 - MENCIÓN DEL TÍTULO
Título Las jornadas de julio en Madrid
Resto del título : drama en tres actos y un prólogo /
Mención de responsabilidad, etc. original y en verso de Cayetano Suricalday y Francisco de Palacios y Toro.
260 ## - PUBLICACIÓN, DISTRIBUCIÓN, ETC.
Lugar de publicación, distribución, etc. Madrid :
Nombre del editor, distribuidor, etc. [Círculo Literario y Comercial],
Fecha de publicación, distribución, etc. 1854 (
Fabricante Imp. de T. Fortanet)
300 ## - DESCRIPCIÓN FÍSICA
Extensión 70 p. ;
Dimensiones 20 cm.
700 1# - ENTRADA AGREGADA--NOMBRE PERSONAL
Nombre de persona Palacios y Toro, Francisco de,
Fechas asociadas al nombre n. 1877
9 (RLIN) 130785
852 ## - LOCALIZACIÓN
Ubicación ES-MaACL
Número de control de estantería F-8558(9)
Nota libre -- Enc. pasta, falto de la cub. original
-- -- Enc. en un vol. facticio ormando parte de la col. "Teatro español moderno" v. 10
Holdings
Estatus retirado Estado de pérdida Estado de daño No para préstamo Colección Biblioteca de origen Biblioteca actual Ubicación en estantería Fecha de adquisición Total de préstamos Signatura topográfica completa Código de barras Visto por última vez Precio de reemplazo Tipo de ítem Koha
        Libros del s. XIX Biblioteca del Ateneo de Madrid Biblioteca del Ateneo de Madrid Sala Pecera Planta 2 17/01/2008   F-8558(9) 1173999 23/02/2023 23/02/2023 Libro impreso antiguo